[Event "Pan American-ch Amateur U2000"]
[Site "San Jose"]
[Date "2019.10.23"]
[Round "1.4"]
[White "Estrada, Walter"]
[Black "Salazar Zumbado, Stanley"]
[Result "1-0"]
[WhiteElo "1966"]
[BlackElo "1761"]
[PlyCount "154"]
[EventDate "2019.10.23"]
[EventType "swiss"]
[EventRounds "9"]
[EventCountry "CRI"]
[SourceTitle "EXT 2024"]
[Source "ChessBase"]
[SourceDate "2023.10.10"]
[SourceVersion "1"]
[SourceVersionDate "2023.10.10"]
[SourceQuality "1"]

1. e4 c6 2. d4 d5 3. Nc3 dxe4 4. Nxe4 Nf6 5. Nxf6+ exf6 6. Bf4 h5 7. h4 Na6 8. Bxa6 bxa6 9. Qe2+ Be7 10. 0-0-0 Qd5 11. c4 Qxg2 12. Bd6 Be6 13. Rh2 Qg6 14. Bxe7 Kxe7 15. b3 Qf5 16. Qe3 Rhd8 17. Ne2 Kf8 18. Rg1 Rab8 19. Rhg2 g6 20. Nc3 Qa5 21. f3 Qa3+ 22. Kd1 Kg7 23. Qd3 f5 24. Kc2 Qd6 25. Ne2 a5 26. Qc3 Kf8 27. Qxa5 f4 28. Rg5 Re8 29. R1g2 Bf5+ 30. Kc1 Qe6 31. Qc5+ Re7 32. Qe5 Qxe5 33. dxe5 Rxe5 34. Nxf4 Re1+ 35. Kb2 Rd8 36. Nxh5 Rb1+ 37. Ka3 c5 38. Rb2 Ra1 39. Ka4 Bd7+ 40. Ka5 gxh5 41. Rxh5 Rc8 42. Rd2 Ke7 43. Re5+ Be6 44. f4 Rf1 45. Re4 Kf6 46. Rh2 Kf5 47. Ree2 Rxf4 48. h5 Kf6 49. Ka6 Rc7 50. h6 Rc8 51. Kxa7 Rh8 52. Kb6 Rf5 53. a4 Rg5 54. a5 Ke7 55. a6 Rgg8 56. Kxc5 Ra8 57. Ra2 Rhc8+ 58. Kd4 Rd8+ 59. Kc3 Bf5 60. b4 Rd3+ 61. Kb2 Rh3 62. Rxh3 Bxh3 63. a7 Kf6 64. Kc3 Bf5 65. Kd4 Kg6 66. b5 Bc8 67. b6 Kxh6 68. Ke5 Bb7 69. Kf6 Kh5 70. Kxf7 Kg5 71. Ke6 Rc8 72. Ra5+ Kg6 73. c5 Rc6+ 74. Kd7 Rc8 75. a8Q Rxa8 76. Rxa8 Bxa8 77. c6 Kf7 1-0

[Event "Pan American-ch Amateur U2000"]
[Site "San Jose"]
[Date "2019.10.??"]
[Round "3"]
[White "Estrada, Walter"]
[Black "Aoyama, Edmundo"]
[Result "0-1"]
[WhiteElo "1966"]
[BlackElo "1828"]
[PlyCount "92"]
[EventDate "2019.10.23"]
[EventType "swiss"]
[EventRounds "9"]
[EventCountry "CRI"]
[SourceTitle "EXT 2024"]
[Source "ChessBase"]
[SourceDate "2023.10.10"]
[SourceVersion "1"]
[SourceVersionDate "2023.10.10"]
[SourceQuality "1"]

1. e4 c5 2. Nf3 Nc6 3. d4 cxd4 4. Nxd4 Nf6 5. Nc3 d6 6. Bc4 e6 7. Bb3 Be7 8. Be3 a6 9. Qe2 Bd7 10. 0-0-0 Na5 11. g4 Nxb3+ 12. Nxb3 Bc6 13. Bd4 0-0 14. f4 Qc8 15. g5 Nd7 16. Be3 Nc5 17. Nxc5 dxc5 18. Rdg1 b5 19. Bd2 b4 20. Nd1 Bb5 21. Qh5 c4 22. Rg3 Qb7 23. Nf2 c3 24. Be3 cxb2+ 25. Kb1 Bc6 26. Ng4 Bxe4 27. Nf6+ Bxf6 28. gxf6 Bg6 29. Qd1 Rfd8 30. Qf1 Rac8 31. f5 exf5 32. Bf4 Qe4 33. Rg2 Rc4 34. Rf2 Rdc8 35. Qd1 Bh5 36. Qg1 Bg6 37. Qd1 gxf6 38. Re1 Qc6 39. Kxb2 Re4 40. Ree2 a5 41. Rd2 Kg7 42. h4 h5 43. Rd3 a4 44. Rg3 a3+ 45. Kb1 Rce8 46. Qxh5 Rxf4 0-1

[Event "Medellin IRT de Segunda Antioquia"]
[Site "Medellin"]
[Date "2019.05.25"]
[Round "4"]
[White "Restrepo, Hugo"]
[Black "Estrada, Walter"]
[Result "0-1"]
[WhiteElo "1724"]
[BlackElo "1944"]
[PlyCount "47"]
[EventDate "2019.05.22"]
[EventType "swiss"]
[EventRounds "7"]
[EventCountry "COL"]
[SourceTitle "EXT 2024"]
[Source "ChessBase"]
[SourceDate "2023.10.10"]
[SourceVersion "1"]
[SourceVersionDate "2023.10.10"]
[SourceQuality "1"]

1. e4 e5 2. Nf3 Nc6 3. Bb5 a6 4. Ba4 Nf6 5. d3 b5 6. Bb3 Bc5 7. 0-0 d6 8. c3 Bg4 9. h3 Bh5 10. Re1 Qd7 11. a4 b4 12. a5 Ne7 13. Nbd2 0-0 14. Nf1 bxc3 15. bxc3 Rab8 16. Bc4 c6 17. Ne3 Qa7 18. g4 Bg6 19. Qe2 d5 20. exd5 cxd5 21. Ba2 e4 22. Ne5 d4 23. Nxg6 Nxg6 24. Nd5 0-1

[Event "COL-ch U2000"]
[Site "Pereira"]
[Date "2019.03.25"]
[Round "8"]
[White "Benjumea, David"]
[Black "Estrada, Walter"]
[Result "1-0"]
[WhiteElo "1763"]
[BlackElo "1944"]
[PlyCount "63"]
[EventDate "2019.03.21"]
[EventType "swiss"]
[EventRounds "9"]
[EventCountry "COL"]
[SourceTitle "CBM 189 Extra"]
[Source "ChessBase"]
[SourceDate "2019.06.03"]
[SourceVersion "1"]
[SourceVersionDate "2019.06.03"]
[SourceQuality "1"]

1. e4 e5 2. Nf3 Nc6 3. Bb5 a6 4. Ba4 Nf6 5. d3 b5 6. Bb3 Bc5 7. Nc3 h6 8. h3 d6 9. a3 Qe7 10. Nd5 Nxd5 11. Bxd5 Bb7 12. Be3 0-0-0 13. b4 Bxe3 14. fxe3 Nb8 15. Bxb7+ Kxb7 16. c4 Nd7 17. Qc2 c6 18. 0-0 g5 19. Rfc1 Rc8 20. a4 g4 21. hxg4 Rhg8 22. axb5 cxb5 23. Qa2 Ra8 24. cxb5 Nb6 25. bxa6+ Ka7 26. Rc6 Rgc8 27. Rac1 Rxc6 28. Rxc6 Rc8 29. Rxc8 Nxc8 30. b5 Qd7 31. Qd5 Kb6 32. Nxe5 1-0

[Event "COL-ch U2000"]
[Site "Pereira"]
[Date "2019.03.23"]
[Round "5"]
[White "Estrada, Walter"]
[Black "Latorre, Franklin Leandro"]
[Result "0-1"]
[WhiteElo "1944"]
[BlackElo "1775"]
[PlyCount "100"]
[EventDate "2019.03.21"]
[EventType "swiss"]
[EventRounds "9"]
[EventCountry "COL"]
[SourceTitle "CBM 189 Extra"]
[Source "ChessBase"]
[SourceDate "2019.06.03"]
[SourceVersion "1"]
[SourceVersionDate "2019.06.03"]
[SourceQuality "1"]

1. e4 c6 2. d4 d5 3. Nc3 dxe4 4. Nxe4 Nf6 5. Nxf6+ exf6 6. Nf3 Bd6 7. Be2 0-0 8. 0-0 Bg4 9. c4 Re8 10. h3 Bh5 11. b3 Nd7 12. Bb2 Nf8 13. Qc2 Rc8 14. Rad1 Qe7 15. Bd3 Bxf3 16. gxf3 Bb8 17. Kg2 Ng6 18. Bxg6 hxg6 19. Rh1 Bf4 20. Rde1 Qxe1 21. Rxe1 Rxe1 22. Bc3 Rc1 23. Qd3 Re8 24. a4 b6 25. b4 g5 26. c5 bxc5 27. dxc5 Bc7 28. Qd7 Rd8 29. Qxc7 Rdd1 30. f4 Rg1+ 31. Kf3 Rxc3+ 32. Ke2 Ra1 33. Qxc6 gxf4 34. Qc8+ Kh7 35. Qf5+ g6 36. Qxf4 Kg7 37. Qd4 Ra2+ 38. Kf1 Rc1+ 39. Kg2 Rxa4 40. Qf4 Rb1 41. c6 Rbxb4 42. Qg3 Rc4 43. c7 Ra1 44. h4 Rac1 45. h5 Rxc7 46. hxg6 fxg6 47. Qa3 R1c5 48. Qa6 Rg5+ 49. Kf3 Rf5+ 50. Ke3 Re7+ 0-1

[Event "COL-ch U2000"]
[Site "Pereira"]
[Date "2019.03.22"]
[Round "2"]
[White "Romero Mora, Elvert"]
[Black "Estrada, Walter"]
[Result "1-0"]
[WhiteElo "1882"]
[BlackElo "1944"]
[PlyCount "75"]
[EventDate "2019.03.21"]
[EventType "swiss"]
[EventRounds "9"]
[EventCountry "COL"]
[SourceTitle "CBM 189 Extra"]
[Source "ChessBase"]
[SourceDate "2019.06.03"]
[SourceVersion "1"]
[SourceVersionDate "2019.06.03"]
[SourceQuality "1"]

1. d4 Nf6 2. Nf3 c5 3. d5 d6 4. c4 g6 5. Nc3 Bg7 6. e4 0-0 7. Bd3 Nfd7 8. 0-0 Ne5 9. Nxe5 Bxe5 10. Be3 Bg7 11. Rc1 Nd7 12. f4 Nf6 13. Be2 Bd7 14. Bf3 a6 15. Qe2 b5 16. b3 b4 17. Nd1 a5 18. Nf2 Qb6 19. Nd3 a4 20. e5 Ne8 21. Bg4 Bxg4 22. Qxg4 axb3 23. axb3 Ra3 24. Rb1 f5 25. exf6 Rxf6 26. Qc8 Kf7 27. Bxc5 dxc5 28. Ne5+ Kg8 29. Qxe8+ Rf8 30. Qxe7 Ra7 31. Nd7 Rxd7 32. Qxd7 Bd4+ 33. Kh1 Qf6 34. Rbe1 Rf7 35. Qe6 Qh4 36. g3 Qh6 37. d6 Qf8 38. Qd5 1-0

[Event "Medellin Conconcreto op"]
[Site "Medellin"]
[Date "2018.01.27"]
[Round "5"]
[White "Londono, Neider Farid"]
[Black "Estrada, Walter"]
[Result "0-1"]
[WhiteElo "1851"]
[BlackElo "1951"]
[PlyCount "62"]
[EventDate "2018.01.24"]
[EventType "swiss"]
[EventRounds "7"]
[EventCountry "COL"]
[SourceTitle "CBM 182 Extra"]
[Source "ChessBase"]
[SourceDate "2018.02.23"]
[SourceVersion "1"]
[SourceVersionDate "2018.02.23"]
[SourceQuality "1"]

1. e4 e6 2. d4 d5 3. exd5 exd5 4. Bd3 Nf6 5. Nf3 Be7 6. h3 0-0 7. 0-0 c5 8. c3 Nc6 9. Be3 c4 10. Bc2 Bd6 11. b3 b5 12. Nbd2 Re8 13. a4 b4 14. bxc4 bxc3 15. Nb1 dxc4 16. Nxc3 Nb4 17. Nd2 Nxc2 18. Qxc2 Be6 19. Rfc1 Rc8 20. Rab1 Nd5 21. Nb5 Bb8 22. Re1 a6 23. Nc3 Qd6 24. Nf1 Nb4 25. Qd2 Bf5 26. Rbd1 Nd3 27. Re2 Qg6 28. Kh1 Bd6 29. Nh2 Rb8 30. Qa2 Rb3 31. Nb1 Nb4 0-1

[Event "Medellin Conconcreto op"]
[Site "Medellin"]
[Date "2018.01.24"]
[Round "1"]
[White "Estrada, Walter"]
[Black "Castrillon Gomez, Melissa"]
[Result "1/2-1/2"]
[WhiteElo "1951"]
[BlackElo "2204"]
[PlyCount "77"]
[EventDate "2018.01.24"]
[EventType "swiss"]
[EventRounds "7"]
[EventCountry "COL"]
[SourceTitle "CBM 182 Extra"]
[Source "ChessBase"]
[SourceDate "2018.02.23"]
[SourceVersion "1"]
[SourceVersionDate "2018.02.23"]
[SourceQuality "1"]

1. e4 c5 2. c4 Nc6 3. Nf3 e5 4. Nc3 d6 5. d3 g6 6. Be3 Bg7 7. Qd2 a6 8. Be2 Rb8 9. 0-0 b5 10. Bd1 f5 11. Bg5 Bf6 12. cxb5 axb5 13. Nd5 Bxg5 14. Qxg5 Qxg5 15. Nxg5 h6 16. Nf3 Nge7 17. Nxe7 Nxe7 18. Bb3 g5 19. Nd2 Nc6 20. a4 Nd4 21. axb5 Nxb3 22. Nxb3 Rxb5 23. Nd2 0-0 24. Nc4 fxe4 25. Nxd6 Rxb2 26. Nxe4 Bg4 27. f3 Bf5 28. Nxc5 Rc8 29. Rfc1 Rd2 30. Rc3 Rb8 31. Ne4 Bxe4 32. dxe4 Rbb2 33. Rc7 Rxg2+ 34. Kf1 Rbf2+ 35. Ke1 Rxf3 36. Ra8+ Rf8 37. Raa7 Rb8 38. Rg7+ Kf8 39. Rgf7+ 1/2-1/2

[Event "American Continental 13th"]
[Site "Medellin"]
[Date "2017.06.15"]
[Round "8"]
[White "Sanchez Alvarez, Kelvin Antonio"]
[Black "Estrada, Walter"]
[Result "1-0"]
[WhiteElo "2257"]
[BlackElo "1982"]
[PlyCount "47"]
[EventDate "2017.06.10"]
[EventType "swiss"]
[EventRounds "11"]
[EventCountry "COL"]
[SourceTitle "CBM 178 Extra"]
[Source "ChessBase"]
[SourceDate "2017.06.22"]
[SourceVersion "1"]
[SourceVersionDate "2017.06.22"]
[SourceQuality "1"]

1. e4 d5 2. exd5 Nf6 3. Nf3 Nxd5 4. c4 Nf6 5. d4 g6 6. Be2 Bg7 7. h3 0-0 8. Nc3 c5 9. dxc5 Qa5 10. 0-0 Qxc5 11. Be3 Qa5 12. a3 a6 13. b4 Qc7 14. Rc1 Rd8 15. Qb3 Nc6 16. Nd5 Qb8 17. Nb6 Bf5 18. Nxa8 Qxa8 19. Rfd1 Ne4 20. Bd3 Qc8 21. g4 Bxg4 22. Bxe4 Bxh3 23. Rxd8+ Nxd8 24. Nh2 1-0

[Event "Medellin Easter op 7th"]
[Site "Medellin"]
[Date "2017.04.14"]
[Round "4"]
[White "Chirivi Castiblanco, Angie Lizeth"]
[Black "Estrada, Walter"]
[Result "1-0"]
[WhiteElo "2080"]
[BlackElo "1995"]
[PlyCount "47"]
[EventDate "2017.04.12"]
[EventType "swiss"]
[EventRounds "8"]
[EventCountry "COL"]
[SourceTitle "CBM 177 Extra"]
[Source "ChessBase"]
[SourceDate "2017.04.27"]
[SourceVersion "1"]
[SourceVersionDate "2017.04.27"]
[SourceQuality "1"]

1. Nf3 d5 2. b3 c5 3. Bb2 Nf6 4. e3 Bg4 5. Be2 Bxf3 6. Bxf3 e6 7. c4 Nc6 8. 0-0 d4 9. exd4 cxd4 10. d3 Qd7 11. Na3 Be7 12. Nc2 e5 13. a3 a5 14. Re1 Qd6 15. b4 0-0 16. b5 Nd8 17. a4 Nd7 18. Qe2 f6 19. Bd5+ Kh8 20. Nxd4 Nc5 21. Nf5 Qd7 22. Nxe7 Qxe7 23. d4 Nce6 24. Ba3 1-0

[Event "COL-ch Amateur U2300"]
[Site "Bogota"]
[Date "2017.03.05"]
[Round "6"]
[White "Arias Pinto, Juan Camilo"]
[Black "Estrada, Walter"]
[Result "1/2-1/2"]
[WhiteElo "1642"]
[BlackElo "1995"]
[PlyCount "176"]
[EventDate "2017.03.02"]
[EventType "swiss"]
[EventRounds "7"]
[EventCountry "COL"]
[SourceTitle "CBM 177 Extra"]
[Source "ChessBase"]
[SourceDate "2017.04.27"]
[SourceVersion "1"]
[SourceVersionDate "2017.04.27"]
[SourceQuality "1"]

1. d4 d5 2. c4 c6 3. Nc3 Nf6 4. Nf3 e6 5. c5 b6 6. cxb6 axb6 7. Bg5 Be7 8. e3 0-0 9. Ne5 Nfd7 10. Bf4 f6 11. Nf3 c5 12. Bd3 Nc6 13. Qb1 f5 14. Nb5 Nf6 15. 0-0 Nb4 16. Bc7 Qe8 17. b3 Nxd3 18. Qxd3 Ba6 19. a4 Qc6 20. Bg3 Ne4 21. Ne5 Qb7 22. Rac1 Bf6 23. Nf3 g5 24. Be5 g4 25. Bxf6 gxf3 26. Be5 Kf7 27. Qxe4 Bxb5 28. Qh4 Bc6 29. Qf6+ Kg8 30. Qh8+ Kf7 31. Qxh7+ Ke8 32. Qxb7 Bxb7 33. gxf3 Rg8+ 34. Kh1 c4 35. Rg1 Rxg1+ 36. Kxg1 Kd7 37. bxc4 dxc4 38. Rxc4 Rg8+ 39. Bg3 Bxf3 40. Rc7+ Kd8 41. Ra7 Kc8 42. Kf1 Bb7 43. a5 bxa5 44. Rxa5 Kd7 45. Ke2 Rc8 46. Kd2 Be4 47. h4 Rc2+ 48. Kd1 Rc8 49. Be5 Rg8 50. Ra7+ Kc6 51. Rc7+ Kb5 52. Ke2 Ra8 53. Rc1 Ra2+ 54. Kf1 Bf3 55. Kg1 Ra8 56. Kh2 Rg8 57. Rg1 Rxg1 58. Kxg1 Kc4 59. Kh2 Kd3 60. Kg3 Ke4 61. Bf4 Bg4 62. Kg2 Bf3+ 63. Kf1 Bg4 64. Ke1 Kd3 65. Be5 Bf3 66. Kf1 Kd2 67. h5 Bxh5 68. Kg2 Kd3 69. Kg3 Ke4 70. Kh4 Bf3 71. Kg5 Bg4 72. Kf6 Kd5 73. Bg3 Bf3 74. Ke7 Be4 75. Kf6 Bd3 76. Be5 Be4 77. Kg5 Bd3 78. Kf4 Bc2 79. f3 Bb1 80. Kg3 Bc2 81. Kf2 Bd3 82. Ke1 Bc2 83. Kd2 Bb1 84. Bb8 Kc4 85. Ba7 Kd5 86. Bb8 Kc4 87. Be5 Bd3 88. Bf6 Bb1 1/2-1/2

[Event "COL-ch Amateur U2300"]
[Site "Bogota"]
[Date "2017.03.03"]
[Round "3"]
[White "Ballesteros Lopez, William"]
[Black "Estrada, Walter"]
[Result "1-0"]
[WhiteElo "2053"]
[BlackElo "1995"]
[PlyCount "90"]
[EventDate "2017.03.02"]
[EventType "swiss"]
[EventRounds "7"]
[EventCountry "COL"]
[SourceTitle "CBM 177 Extra"]
[Source "ChessBase"]
[SourceDate "2017.04.27"]
[SourceVersion "1"]
[SourceVersionDate "2017.04.27"]
[SourceQuality "1"]

1. e4 e5 2. Nf3 Nc6 3. Bb5 a6 4. Ba4 Nf6 5. d4 exd4 6. 0-0 Be7 7. e5 Ne4 8. b4 0-0 9. a3 f6 10. Re1 f5 11. Nxd4 Nxd4 12. Qxd4 d5 13. Nc3 Be6 14. Nxe4 dxe4 15. Qe3 b5 16. Bb3 Qd7 17. Bb2 Rfd8 18. Qh3 Bxb3 19. Qxb3+ Qd5 20. Qh3 Qe6 21. Rxe4 Rd2 22. Rc1 Qa2 23. Qc3 Rad8 24. Ree1 Qe6 25. Qe3 R8d5 26. Bc3 Qd7 27. Bxd2 Rxd2 28. Qf3 g6 29. Qa8+ Kg7 30. Qxa6 Qd4 31. Rf1 Bg5 32. c3 Qf4 33. Qa7 Qxe5 34. Rce1 Qd6 35. Qb7 f4 36. Qxb5 Bf6 37. Qc5 Qd7 38. Qc4 f3 39. Qe6 Qb5 40. Re3 fxg2 41. Rfe1 Bh4 42. Rf3 Qb7 43. Rf7+ Kh6 44. Qe3+ Bg5 45. Qe6 Bh4 1-0

[Event "Medellin Construct op"]
[Site "Medellin"]
[Date "2017.01.29"]
[Round "7"]
[White "Soto, Christian Camilo"]
[Black "Estrada, Walter"]
[Result "1-0"]
[WhiteElo "2106"]
[BlackElo "1967"]
[PlyCount "79"]
[EventDate "2017.01.25"]
[EventType "swiss"]
[EventRounds "7"]
[EventCountry "COL"]
[SourceTitle "CBM 176 Extra"]
[Source "ChessBase"]
[SourceDate "2017.03.02"]
[SourceVersion "1"]
[SourceVersionDate "2017.03.02"]
[SourceQuality "1"]

1. c4 c6 2. Nc3 Nf6 3. e4 d6 4. d4 g6 5. f3 Bg7 6. Be3 Qc7 7. Qd2 a6 8. a4 b6 9. Bd3 Nbd7 10. Nge2 c5 11. d5 Ne5 12. f4 Nxd3+ 13. Qxd3 Bg4 14. Ng3 h5 15. h3 h4 16. hxg4 hxg3 17. Rxh8+ Bxh8 18. g5 Nh5 19. 0-0-0 Qd7 20. Bd2 0-0-0 21. b3 Bxc3 22. Qxc3 a5 23. Qf3 Qe8 24. Be1 Qh8 25. Kc2 Kc7 26. Bxg3 Nxg3 27. Qxg3 Qh5 28. Qf3 Qh2 29. Re1 Qh8 30. e5 Qg7 31. Qc3 Qf8 32. g4 Rd7 33. Rh1 Rd8 34. Rh7 Qe8 35. e6 fxe6 36. Qf6 Qf8 37. Qxe7+ Qxe7 38. Rxe7+ Rd7 39. Rxe6 Rf7 40. Rf6 1-0

[Event "Medellin Construct op"]
[Site "Medellin"]
[Date "2017.01.28"]
[Round "4"]
[White "Estrada, Walter"]
[Black "Cardona, Jeyson"]
[Result "0-1"]
[WhiteElo "1967"]
[BlackElo "2087"]
[PlyCount "44"]
[EventDate "2017.01.25"]
[EventType "swiss"]
[EventRounds "7"]
[EventCountry "COL"]
[SourceTitle "CBM 176 Extra"]
[Source "ChessBase"]
[SourceDate "2017.03.02"]
[SourceVersion "1"]
[SourceVersionDate "2017.03.02"]
[SourceQuality "1"]

1. e4 e5 2. d4 exd4 3. Qxd4 Nc6 4. Qe3 Nf6 5. Nc3 Bb4 6. Bd2 d6 7. 0-0-0 0-0 8. Nf3 Re8 9. Bc4 Bf5 10. Qf4 Bxe4 11. Bxf7+ Kxf7 12. Nxe4 Bxd2+ 13. Rxd2 Kg8 14. Neg5 h6 15. h4 Ne5 16. Nd4 Nh5 17. Qe3 hxg5 18. hxg5 Nf7 19. Qf3 Qxg5 20. g4 Nf6 21. Qf5 Qxf5 22. gxf5 Re5 0-1

[Event "COL pre olympic sf1"]
[Site "Medellin"]
[Date "2016.03.22"]
[Round "1"]
[White "Estrada, Walter"]
[Black "Vargas Arteaga, Alexis"]
[Result "0-1"]
[WhiteElo "2019"]
[BlackElo "2303"]
[PlyCount "54"]
[EventDate "2016.03.22"]
[EventType "swiss"]
[EventRounds "9"]
[EventCountry "COL"]
[SourceTitle "CBM 171 Extra"]
[Source "ChessBase"]
[SourceDate "2016.04.26"]
[SourceVersion "1"]
[SourceVersionDate "2016.04.26"]
[SourceQuality "1"]

1. e4 c5 2. d4 cxd4 3. c3 dxc3 4. Nxc3 Nc6 5. Nf3 e6 6. Bc4 Qc7 7. 0-0 Nf6 8. Qe2 Ng4 9. g3 d6 10. Rd1 a6 11. a4 Be7 12. Bf4 0-0 13. Rac1 Qb8 14. Ba2 Nge5 15. Nxe5 dxe5 16. Be3 Rd8 17. Bb6 Rd6 18. Nd5 exd5 19. exd5 Bd7 20. dxc6 Bxc6 21. Re1 Bf6 22. Red1 Rxd1+ 23. Rxd1 Qe8 24. a5 Bd8 25. Bxf7+ Qxf7 26. Bxd8 Bf3 27. Qd2 Qh5 0-1

[Event "Medellin Navideno op"]
[Site "Medellin"]
[Date "2015.12.11"]
[Round "2"]
[White "Estrada, Walter"]
[Black "Blandon, Luis Guillermo"]
[Result "0-1"]
[WhiteElo "1713"]
[BlackElo "2280"]
[PlyCount "48"]
[EventDate "2015.12.10"]
[EventType "swiss"]
[EventRounds "7"]
[EventCountry "COL"]
[SourceTitle "CBM 169 Extra"]
[Source "ChessBase"]
[SourceDate "2015.12.18"]
[SourceVersion "1"]
[SourceVersionDate "2015.12.18"]
[SourceQuality "1"]

1. e4 c5 2. d4 cxd4 3. Nf3 Nc6 4. c3 Nf6 5. e5 Nd5 6. Bc4 Nb6 7. Bb3 d5 8. exd6 Qxd6 9. cxd4 Be6 10. Nc3 Bxb3 11. Qxb3 e6 12. 0-0 Be7 13. Nb5 Qd8 14. Bf4 Nd5 15. Bg3 0-0 16. Nc3 Na5 17. Qb5 a6 18. Qe2 Nxc3 19. bxc3 Rc8 20. Rfc1 Qd5 21. Rab1 b5 22. Ne5 Bg5 23. f4 Bf6 24. Nd3 Rxc3 0-1

[Event "Medellin Amateur op"]
[Site "Medellin"]
[Date "2011.04.23"]
[Round "6.5"]
[White "Estrada, Walter"]
[Black "Valderrama Quiceno, Esteban Alberto"]
[Result "0-1"]
[WhiteElo "1670"]
[BlackElo "1675"]
[PlyCount "66"]
[EventDate "2011.04.20"]
[EventType "swiss"]
[EventRounds "9"]
[EventCountry "COL"]
[SourceTitle "EXT 2024"]
[Source "ChessBase"]
[SourceDate "2023.10.10"]
[SourceVersion "1"]
[SourceVersionDate "2023.10.10"]
[SourceQuality "1"]

1. e4 c5 2. d4 cxd4 3. c3 dxc3 4. Nxc3 Nc6 5. Nf3 d6 6. Bc4 e6 7. 0-0 Nf6 8. Qe2 a6 9. Rd1 Qc7 10. Bf4 Ne5 11. Bxe5 dxe5 12. Rac1 Qb8 13. Qd2 Nd7 14. Bxe6 fxe6 15. Ng5 Be7 16. Nxe6 Nf6 17. Nxg7+ Kf7 18. Nf5 Rd8 19. Qh6 Bxf5 20. exf5 Rd4 21. Ne2 Rxd1+ 22. Rxd1 Qc8 23. g4 Qc2 24. Re1 Rg8 25. h3 Qxf5 26. Ng3 Qf4 27. Qxf4 exf4 28. Nf5 Re8 29. Kg2 Bc5 30. Rc1 b6 31. Rd1 Re2 32. g5 Rxf2+ 33. Kh1 Ne4 0-1